Szczegóły MARC21

Psychoterapia skoncentrowana na emocjach : wprowadzenie do praktyki i szkolenia psychoterapeutów /

005 -DATA I CZAS OSTATNIEJ MODYFIKACJI [,]
    • @
    • pole kontrolne
    • 20100713125615.0
020 -Międzynarod. znormalizowany nr książki - ISBN [ , ]
    • a
    • Numer ISBN
    • 9788360747506 Find
040 -Instytucja sporządzająca opis [ , ]
    • a
    • Instytucja, która sporządziła opis (NP)
    • SZCZ U/KLR
    • c
    • Instytucja, która sporządziła rekord (NP)
    • SZCZ U/KLR
    • d
    • Instytucja, która zmodyfikowała rekord (P)
    • SZCZ U/AP
041 -Język dokumentu [1, ]
    • a
    • Język tekstu (P)
    • polski
    • h
    • Język tekstu oryginalnego i/lub pośredniego (P)
    • angielski
044 -Kraj miejsca wydania [ , ]
    • a
    • Kraj miejsca wydania
    • Polska
942 -Rodzaj dokumentu [ , ]
    • c
    • Rodzaj dokumentu
    • Książka
245 -Strefa tytułu i oznaczenia odpowiedzialności [0,0]
    • a
    • Tytuł
    • Psychoterapia skoncentrowana na emocjach : Find
    • b
    • Ciąg dalszy tytułu (NP)
    • wprowadzenie do praktyki i szkolenia psychoterapeutów / Find
    • c
    • Pozostałe elementy strefy tytułu i oznaczenia odpowiedzialności (NP)
    • Robert Elliot [i in.] ; [tł. Karina Wieczorek].
246 -Wariant tytułu [1, ]
    • i
    • Tekst wyświetlany na ekranie monitora (NP)
    • Tyt. oryg.:
    • a
    • Tytuł (NP)
    • Learning emotion-focused therapy
260 -Strefa adresu wydawniczego [ , ]
    • a
    • Miejsce wydania (P)
    • Warszawa :
    • b
    • Nazwa wydawcy (P)
    • Instytut Psychologii Zdrowia. Polskie Towarzystwo Psychologiczne,
    • c
    • Data wydania (P)
    • 2009.
300 -Strefa opisu fizycznego [ , ]
    • a
    • Określenie formy książki i/lub objętość (NP)
    • 398 s. ;
    • c
    • Format (NP)
    • 24 cm.
830 -Hasło dodatkowe serii i opisu książki wielotomowej - tytuł ujednolicony/tytuł [0, ]
    • 9
    • KHW
    • 15017
    • a
    • Tytuł ujednolicony/tytuł (NP)
    • Podstawy Współczesnej Psychoterapii
504 -Uwaga dot. bibliogr. załącznikowej [ , ]
    • a
    • Uwaga dot. bibliografii załącznikowej
    • Bibliogr. Ind.
546 -Uwaga dot. języka [ , ]
    • a
    • Uwaga dot. języka
    • Tł. z jęz. ang.
080 -Uniwersalna Klasyfikacja Dziesiętna [ , ]
    • 2
    • Identyfikator wydania tablic
    • UDC-P058
    • 9
    • UKD
    • 4649
    • a
    • Symbol klasyfikacji
    • 615.851
    • b
    • Dopowiedzenie
    • Psychoterapia. Psychoanaliza jako terapia.
    • 4
    • UKD2
    • 8168
    • x
    • Poddział wspólny
    • (083.1)
    • c
    • Dopowiedzenie poddz. wspólnego
    • (Przepisy. Instrukcje. Poradniki praktyczne).
080 -Uniwersalna Klasyfikacja Dziesiętna [ , ]
    • 2
    • Identyfikator wydania tablic
    • UDC-P058
    • 9
    • UKD
    • 2407
    • a
    • Symbol klasyfikacji
    • 159.9:616
    • b
    • Dopowiedzenie
    • Psychologia kliniczna.
    • 4
    • UKD2
    • 8168
    • x
    • Poddział wspólny
    • (083.1)
    • c
    • Dopowiedzenie poddz. wspólnego
    • (Przepisy. Instrukcje. Poradniki praktyczne).
980 -Symbol UKD [ , ]
    • a
    • UKD
    • 615.851:159.9:616](083.1)
700 -Hasło dodatkowe - nazwa osobowa [1, ]
    • 9
    • KHW
    • 15146
    • a
    • Nazwa osobowa (NP)
    • Elliot, Robert Find
    • d
    • Daty biograficzne (NP)
    • (1950- ).
700 -Hasło dodatkowe - nazwa osobowa [1, ]
    • 9
    • KHW
    • 15147
    • a
    • Nazwa osobowa (NP)
    • Wieczorek, Karina. Find
    • e
    • Określenie rodzaju współpracy
    • Tł.
920 -ISBN [ , ]
    • a
    • ISBN
    • 978-83-60747-50-6 Find
Data inwentaryzacji Status udost. Lokalizacja Numer inwentarzowy
2010-06-111BGZ.114392